Pulsation, rotation, and mass loss in early-type Stars (Record no. 11223)

MARC details
000 -LEADER
fixed length control field 01022nam a2200241Ia 4500
003 - CONTROL NUMBER IDENTIFIER
control field IN-BaIIA
008 - FIXED-LENGTH DATA ELEMENTS--GENERAL INFORMATION
fixed length control field 211028s9999 xx 000 0 eng d
020 ## - INTERNATIONAL STANDARD BOOK NUMBER
International Standard Book Number 0-7923-3045-5
040 ## - CATALOGING SOURCE
Transcribing agency IIA Library
080 ## - UNIVERSAL DECIMAL CLASSIFICATION NUMBER
Universal Decimal Classification number 082.2:52
Item number IAU-S162
111 ## - MAIN ENTRY--MEETING NAME
Meeting name or jurisdiction name as entry element Symposium of the International Astronomical Union on Pulsation, Rotation, and Mass Loss in Early-Type Stars
Number of part/section/meeting 162th
Location of meeting France
Date of meeting or treaty signing 1993 Oct. 5-8
9 (RLIN) 19226
245 #0 - TITLE STATEMENT
Title Pulsation, rotation, and mass loss in early-type Stars
Remainder of title proceedings of the 162nd Symposium of the IAU on pulsation, rotation, and mass loss in early-type Stars, held in France, October 5-8, 1993
Statement of responsibility, etc. edited by Balona, Luis A., Henrichs, Huib F and Le Contel 
260 ## - PUBLICATION, DISTRIBUTION, ETC.
Place of publication, distribution, etc. Dordrecht
Name of publisher, distributor, etc. Kluwer Academic
Date of publication, distribution, etc. 1994
300 ## - PHYSICAL DESCRIPTION
Extent xxii, 550p.
650 ## - SUBJECT ADDED ENTRY--TOPICAL TERM
Topical term or geographic name entry element Astronomy and Astrophysics Thesaurus
650 ## - SUBJECT ADDED ENTRY--TOPICAL TERM
Topical term or geographic name entry element Early type Stars
9 (RLIN) 5343
650 ## - SUBJECT ADDED ENTRY--TOPICAL TERM
Topical term or geographic name entry element Mass loss
9 (RLIN) 3547
650 ## - SUBJECT ADDED ENTRY--TOPICAL TERM
Topical term or geographic name entry element Pulsation
9 (RLIN) 19227
650 ## - SUBJECT ADDED ENTRY--TOPICAL TERM
Topical term or geographic name entry element Rotation
9 (RLIN) 11145
700 ## - ADDED ENTRY--PERSONAL NAME
Personal name Balona, L., ed.
9 (RLIN) 19228
700 ## - ADDED ENTRY--PERSONAL NAME
Personal name Henrichs, H., ed.
9 (RLIN) 19229
942 ## - ADDED ENTRY ELEMENTS (KOHA)
Koha item type Books
Holdings
Withdrawn status Lost status Damaged status Not for loan Home library Current library Shelving location Date acquired Total Checkouts Full call number Barcode Date last seen Price effective from Koha item type
        IIA Library-Bangalore IIA Library-Bangalore General Stacks 01/03/1995   082.2:52/ IAU-S162 12138 05/11/2021 01/03/1995 Books

Powered by Koha